000 00693cam a2200205 4500
001 ABS66899
008 030808n2003 000 0 eng u
035 _a(Sirsi) u123253
100 _aBooty, F.
245 _aSecurity risk management: the improvised explosive device
260 _c2003
490 _aRICS Facilities Management Faculty Feature
_v21 July 2003 (9)
520 _aFeature considering the threat posed to buildings' security by bombs and outlining how this should be addressed as a part of security risk management.
590 _aABS
650 _aBOMBS
650 _aRISK MANAGEMENT
650 _aTERRORISM
690 _aMANAGEMENT-FACILITIES MANAGEMENT
942 _n0
999 _c73205
_d73205